00897nam a2200181 a 450000100100000000500170001000800410002704000250006808200160009310000530010924501540016226000370031630000190035350002030037204900090057595201140058499900170069800002837320260521073716.0110408s1994 dr 000 0 spa d aDO-SdBNPbspacBNPHU axxxxbG943p1 aSang, Mu-Kien A. d1955-q(Mu-Kien Adriana)933110aGuía para enfrentar la globalización :bla Asociación de Estados del Caribe como respuesta de la República Dominicana /cpor Miguel Sang Ben. aSanto Domingo :b[s. n.],c1994. a8 p. ;c22 cm. aCnoferencia dictada ante el Instituto de Contadores Públicos Autorizados de la República Dominicana en ocasión del "Día del contador" el 29 de julio de 1994, Santo Domingo, Distrito Nacional aBNPD 0010718PDaPDbPDcCTd2011-04-08iLF1l0oxxxx G943pp28373-10r2020-06-25w2020-06-25yLFPDZNo se presta c27865d27865